01133 2200517 4500001002100000005001500021035002500036245005000061260003100111300004800142040001200190082001800202084001800220100002800238500001100266650002500277850001200302041000800314504002500322990001200347990001200359990001000371990001000381990001000391990001000401990001000411990001000421990001000431990001000441990001000451990001000461990001000471990001000481990001200491990001200503990001000515990001000525990001000535990001000545990001000555990001000565990001000575990001000585990001000595990001000605YOGYA00000000007972820180605114312 a0010-0814000000794450 aMembuat transformator kecil /cA.R. Margunadi aJakarta :bGramedia,c1985 avii, 91 halaman :bilustrasi, foto ;c21 cm aYOPDYOG042[23]a621.314 a621.314 MAR m1 aMARGUNADI, A.R.,d1932- aIndeks 4aTransformasi fourier aYOPDYOG0 aind aBibliografi: hlm. 84 a27561-P a26257-P a037-P a038-P a039-P a040-P a037-P a038-P a040-P a027-P a026-P a030-P a028-P a028-P a27561-P a26257-P a037-P a038-P a039-P a040-P a037-P a038-P a040-P a027-P a026-P a030-P